XIX Plenary assembly, World Federation of United Nations Associations, New Delhi (India) 23rd-31st January 1965; (Record no. 82615)

MARC details
000 -LEADER
fixed length control field 00728cam a22002291 4500
001 - CONTROL NUMBER
control field sa 68008856
003 - CONTROL NUMBER IDENTIFIER
control field DLC
005 - DATE AND TIME OF LATEST TRANSACTION
control field 20260227112537.0
008 - FIXED-LENGTH DATA ELEMENTS--GENERAL INFORMATION
fixed length control field 870806s1965 ii c 000 0 eng
010 ## - LIBRARY OF CONGRESS CONTROL NUMBER
LC control number sa 68008856
025 ## - OVERSEAS ACQUISITION NUMBER
Overseas acquisition number PL480:I-E-4896
035 ## - SYSTEM CONTROL NUMBER
System control number (OCoLC)16395767
040 ## - CATALOGING SOURCE
Original cataloging agency DLC
Transcribing agency WaU
Modifying agency DLC
042 ## - AUTHENTICATION CODE
Authentication code premarc
050 00 - LIBRARY OF CONGRESS CALL NUMBER
Classification number JX1977.A1
Item number W65
110 2# - MAIN ENTRY--CORPORATE NAME
Corporate name or jurisdiction name as entry element Indian Federation of United Nations Associations.
245 10 - TITLE STATEMENT
Title XIX Plenary assembly, World Federation of United Nations Associations, New Delhi (India) 23rd-31st January 1965;
Remainder of title souvenir.
260 ## - PUBLICATION, DISTRIBUTION, ETC.
Place of publication, distribution, etc. [New Delhi,
Date of publication, distribution, etc. 1965]
300 ## - PHYSICAL DESCRIPTION
Extent 79 p.
Other physical details ports.
Dimensions 27 cm.
500 ## - GENERAL NOTE
General note Cover title.
610 20 - SUBJECT ADDED ENTRY--CORPORATE NAME
Corporate name or jurisdiction name as entry element World Federation of United Nations Associations.

No items available.

Powered by Koha